Paroles - Mon fils, ma bataille - Daniel Balavoine - Statistiques

Statistiques générales
  • Ce quiz a été pris 860 fois
    528 depuis la dernière actualisation
  • Le résultat moyen est 201 sur 237
Statistiques - réponses
Réponse % Correct
ma
99%
à
98%
a
98%
mon
98%
que
98%
bataille
97%
Ça
97%
ça
97%
en
97%
fils
97%
aille
96%
ce
96%
c'est
96%
de
96%
fallait
96%
Fallait
96%
pas
96%
me
95%
qu'elle
95%
s'en
95%
Si
95%
si
95%
Je
94%
je
94%
tout
91%
fait
90%
le
89%
mes
89%
un
89%
Au
88%
au
88%
entrailles
88%
casser
87%
fruit
87%
Par
87%
vous
87%
86%
l'a
86%
les
86%
Les
86%
longtemps
86%
su
86%
enfant
85%
Et
85%
et
85%
Oh
85%
Pour
85%
pour
85%
t'es
85%
parti
84%
sa
84%
Tu
84%
tu
84%
vie
84%
du
83%
J'vais
83%
j'vais
83%
maintenant
83%
touchez
83%
peur
82%
serai
82%
j'avais
81%
jugé
81%
ne
81%
j'ai
80%
sur
80%
lois
79%
m'fait
79%
dans
78%
grand
78%
an
77%
banc
77%
souvent
77%
voulais
76%
Devenu
75%
juges
75%
vent
75%
plus
74%
qui
74%
serais
74%
dis
73%
pleurant
73%
qu'un
73%
l'ombre
72%
toi
72%
tous
72%
d'un
71%
elle
71%
métier
71%
moi
71%
sait
71%
serré
71%
Qu'on
70%
corps
69%
matin
69%
j'étais
68%
chanteurs
67%
t'écoute
67%
leur
66%
ils
65%
démonter
64%
lui
64%
des
63%
savaient
63%
peut
61%
pourtant
61%
avant
60%
dire
60%
n'est
60%
porté
60%
qu'il
60%
rien
59%
sali
59%
coté
58%
bien
57%
sourire
55%
tend
55%
lentement
54%
construis
49%
l'absence
45%
défend
43%
torts
43%
Aucun quiz correspondant
Distribution des résultats
% des personnes avec chaque résultat
Percentile par nombre de réponses
Votre historique - résultats
Vous n’avez pas pris ce quiz depuis la dernière actualisation